Подробности
| 000 -МАРКЕР |
| контрольное поле |
02464nam0a2200397 4500 |
| 001 - ИДЕНТИФИКАТОР ЗАПИСИ |
| контрольное поле |
RU\NLR\bibl\858888 |
| 005 - ИДЕНТИФИКАТОР ВЕРСИИ |
| контрольное поле |
20260406030604.0 |
| 010 ## - МЕЖДУНАРОДНЫЙ СТАНДАРТНЫЙ НОМЕР КНИГИ (ISBN) |
| Номер (ISBN) |
5-901795-04-0 |
| Уточнения |
в обл. |
| Тираж |
50 |
| 021 ## - НОМЕР ГОСУДАРСТВЕННОЙ РЕГИСТРАЦИИ |
| Код страны |
Российская Федерация |
| Номер |
2005-32594 |
| Номер Листа государственной регистраци |
1632 |
| 035 ## - ДРУГИЕ СИСТЕМНЫЕ НОМЕРА |
| Идентификатор записи |
(nilc)RSL-KNO-002606052 |
| 035 ## - ДРУГИЕ СИСТЕМНЫЕ НОМЕРА |
| Идентификатор записи |
(NLR Aleph) 000847590 |
| 100 ## - ДАННЫЕ ОБЩЕЙ ОБРАБОТКИ |
| Данные общей обработки |
20050531d2004 |||y0rusy50 ca |
| 101 0# - ЯЗЫК РЕСУРСА |
| Язык текста, звукозаписи и т.д. |
русский |
| 102 ## - СТРАНА ПУБЛИКАЦИИ ИЛИ ПРОИЗВОДСТВА |
| Страна публикации |
Российская Федерация |
| 105 ## - ПОЛЕ КОДИРОВАННЫХ ДАННЫХ: ТЕКСТОВЫЕ МАТЕРИАЛЫ, МОНОГРАФИЧЕСКИЕ |
| Кодированные данные о монографическом текстовом документе |
a ||||||||| |
| 106 ## - ПОЛЕ КОДИРОВАННЫХ ДАННЫХ: ТЕКСТОВЫЕ РЕСУРСЫ – ФОРМА |
| Форма ресурса: кодированные данные: обозначение носителя |
r |
| 200 1# - ЗАГЛАВИЕ И СВЕДЕНИЯ ОБ ОТВЕТСТВЕННОСТИ |
| Основное заглавие |
Моделирование социо-эколого-экономических систем |
| Сведения, относящиеся к заглавию |
учеб. пособие |
| -- |
для студентов высших учебных заведений, обучающихся по специальности 061800 "Математические методы в экономике" и другим экономическим специальностям |
| Первые сведения об ответственности |
В. И. Гурман, Н. Э. Кульбака, Е. В. Рюмина |
| Последующие сведения об ответственности |
Ин-т програм. систем - "Ун-т города Переславля" им. А. К. Айламазяна |
| 210 ## - ПУБЛИКАЦИЯ, РАСПРОСТРАНЕНИЕ И ДР. |
| Место издания, распространения и т.д. |
Переславль-Залесский |
| Имя издателя, распространителя и т. д. |
Ун-т города Переславля |
| Дата издания, распространения и т.д. |
2004 |
| Имя изготовителя |
ИПК Моск. Гос. ун-т печати |
| 215 ## - ФИЗИЧЕСКАЯ ХАРАКТЕРИСТИКА |
| Специфическое обозначение материала и объем |
138 с. |
| Другие сведения о физической характеристике |
ил., табл. |
| Размеры |
20 |
| 606 1# - НАИМЕНОВАНИЕ ТЕМЫ КАК ПРЕДМЕТ |
| Наименование темы |
Экологические системы |
| Формальный подзаголовок |
Учебные издания для высших учебных заведений |
| Тематический подзаголовок |
Моделирование |
| Системный номер авторитетной/нормативной записи |
1992755 |
| Идентификатор авторитетной/нормативной записи |
RU\NLR\auth\661200546 |
| 606 1# - НАИМЕНОВАНИЕ ТЕМЫ КАК ПРЕДМЕТ |
| Наименование темы |
Устойчивого развития концепция |
| Формальный подзаголовок |
Учебные издания для высших учебных заведений |
| Географический подзаголовок |
Российская Федерация |
| Системный номер авторитетной/нормативной записи |
2270123 |
| Идентификатор авторитетной/нормативной записи |
RU\NLR\auth\661360677 |
| 610 0# - НЕКОНТРОЛИРУЕМЫЕ ПРЕДМЕТНЫЕ ТЕРМИНЫ |
| Предметный термин |
Экономика -- Экономико-математические методы и модели -- Учебное пособие для высшей школы |
| 686 ## - ИНДЕКСЫ ДРУГИХ КЛАССИФИКАЦИЙ |
| Индекс |
У.в611я73-1 |
| Код системы |
|
| 686 ## - ИНДЕКСЫ ДРУГИХ КЛАССИФИКАЦИЙ |
| Индекс |
У28(0)я73 |
| 686 ## - ИНДЕКСЫ ДРУГИХ КЛАССИФИКАЦИЙ |
| Индекс |
У9(2)-961-314(2Р)я73 |
| 700 #1 - ИМЯ ЛИЦА - ПЕРВИЧНАЯ ОТВЕТСТВЕННОСТЬ |
| Код отношения |
Автор |
| Материалы, к которым относится поле |
rus |
| Графика поля |
Кириллица |
| Начальный элемент ввода |
Гурман |
| Часть имени, кроме начального элемента ввода |
В. И. |
| Даты |
1934- |
| Расширение инициалов личного имени |
Владимир Иосифович |
| Идентификатор авторитетной/нормативной записи |
RU\NLR\auth\77866 |
| Системный номер авторитетной/нормативной записи |
110903 |
| 701 #1 - ИМЯ ЛИЦА - АЛЬТЕРНАТИВНАЯ ОТВЕТСТВЕННОСТЬ |
| Код отношения |
Автор |
| Начальный элемент ввода |
Кульбака |
| Часть имени, кроме начального элемента ввода |
Н. Э. |
| Даты |
1964- |
| Расширение инициалов личного имени |
Николай Элиарович |
| Системный номер авторитетной/нормативной записи |
134404 |
| Идентификатор авторитетной/нормативной записи |
RU\NLR\AUTH\770134438 |
| 701 #1 - ИМЯ ЛИЦА - АЛЬТЕРНАТИВНАЯ ОТВЕТСТВЕННОСТЬ |
| Начальный элемент ввода |
Рюмина |
| Часть имени, кроме начального элемента ввода |
Е. В. |
| Расширение инициалов личного имени |
Елена Викторовна |
| Код отношения |
Автор |
| 801 #0 - ИСТОЧНИК ЗАПИСИ |
| Страна |
Российская Федерация |
| Организация |
RuMoRKP |
| Дата составления |
20050531 |
| 801 #1 - ИСТОЧНИК ЗАПИСИ |
| Страна |
Российская Федерация |
| Организация |
RuMoRGB |
| Дата составления |
20050531 |
| 801 #2 - ИСТОЧНИК ЗАПИСИ |
| Страна |
Российская Федерация |
| Организация |
NLR |
| Дата составления |
20051022 |
| Правила каталогизации |
rcr |
| 942 ## - ДОПОЛНИТЕЛЬНЫЕ ЭЛЕМЕНТЫ ЗАПИСИ (АБИС) |
| Тип экземпляра АБИС |
Книга |
| 980 ## - КОЛЛЕКЦИЯ |
| Название коллекции |
Национальная библиография |